00367nam a2200145Ia 4500008004100000020001500041041001200056082001100068100001700079245005700096250000800153260003700161300000800198650001500206221030s9999 xx 000 0 und d a8125931393 aEnglish a105.23 aS. Kalavathy 0aOperations Research with C Programscby S. Kalavathy a3rd bVikas Pub HouseaNew Delhic2011 a551 aManagement